大阪市の駅 - Statistics

General Stats
  • This quiz has been taken 333 times
    255 since last reset
  • The average score is 114 of 192
Answers on the Map
Answers color-coded by a green-red scale on the quiz's map according to % correct below.
 
Answer Stats
Group 駅名 % Correct
大阪市北区 大阪おおさか
99%
大阪市福島区 福島ふくしま
93%
大阪市天王寺区 天王寺てんのうじ
93%
大阪市西淀川区 ふく
93%
大阪市浪速区 | 大阪市西成区 新今宮しんいまみや
92%
大阪市淀川区 新大阪しんおおさか
92%
大阪市都島区 京橋きょうばし
90%
大阪市此花区 西九条にしくじょう
90%
大阪市天王寺区 | 大阪市生野区 鶴橋つるはし
90%
大阪市浪速区 今宮いまみや
90%
大阪市中央区 | 大阪市浪速区 なんば
89%
大阪市北区 大阪梅田おおさかうめだ
89%
大阪市中央区 難波なんば
89%
大阪市福島区 野田のだ
88%
大阪市大正区 大正たいしょう
88%
大阪市北区 梅田うめだ
88%
大阪市北区 西梅田にしうめだ
87%
大阪市北区 東梅田ひがしうめだ
87%
大阪市此花区 夢洲ゆめしま
86%
大阪市港区 弁天町べんてんちょう
85%
大阪市北区 天満てんま
85%
大阪市中央区 大阪城公園おおさかじょうこうえん
85%
大阪市中央区 森ノ宮もりのみや
85%
大阪市中央区 淀屋橋よどやばし
85%
大阪市住之江区 コスモスクエア
83%
大阪市北区 中津なかつ
83%
大阪市北区 北新地きたしんち
82%
大阪市西区 九条くじょう
81%
大阪市中央区 大阪難波おおさかなんば
81%
大阪市淀川区 十三じゅうそう
80%
大阪市中央区 本町ほんまち
80%
大阪市天王寺区 大阪上本町おおさかうえほんまち
79%
大阪市中央区 心斎橋しんさいばし
79%
大阪市中央区 天満橋てんまばし
79%
大阪市都島区 桜ノ宮さくらのみや
78%
大阪市港区 大阪港おおさかこう
78%
大阪市天王寺区 玉造たまつくり
78%
大阪市西成区 動物園前どうぶつえんまえ
78%
大阪市住之江区 住之江公園すみのえこうえん
78%
大阪市天王寺区 谷町九丁目たにまちきゅうちょうめ
77%
大阪市西成区 天下茶屋てんがちゃや
77%
大阪市淀川区 西中島南方にしなかじまみなみがた
77%
大阪市福島区 野田阪神のだはんしん
76%
大阪市北区 天神橋筋六丁目てんじんばしすじろくちょうめ
76%
大阪市此花区 ユニバーサルシティ
75%
大阪市此花区 桜島さくらじま
75%
大阪市天王寺区 寺田町てらだちょう
75%
大阪市東淀川区 淡路あわじ
75%
大阪市淀川区 東淀川ひがしよどがわ
75%
大阪市中央区 谷町四丁目たにまちよんちょうめ
75%
大阪市中央区 日本橋にっぽんばし
75%
大阪市東成区 | 大阪市生野区 今里いまざと
74%
大阪市中央区 谷町六丁目たにまちろくちょうめ
74%
大阪市西区 ドームまえ
73%
大阪市天王寺区 桃谷ももだに
73%
大阪市平野区 平野ひらの
73%
大阪市浪速区 JR難波なんば
72%
大阪市浪速区 芦原橋あしはらばし
72%
大阪市北区 中之島なかのしま
72%
大阪市中央区 堺筋本町さかいすじほんまち
72%
大阪市住吉区 あびこ
70%
大阪市阿倍野区 大阪阿部野橋おおさかあべのばし
70%
大阪市中央区 北浜きたはま
70%
大阪市住吉区 長居ながい
69%
大阪市鶴見区 鶴見緑地つるみりょくち
69%
大阪市中央区 近鉄日本橋きんてつにっぽんばし
68%
大阪市福島区 新福島しんふくしま
67%
大阪市浪速区 大国町だいこくちょう
67%
大阪市都島区 大阪城北詰おおさかじょうきたづめ
66%
大阪市此花区 安治川口あじかわぐち
65%
大阪市浪速区 桜川さくらがわ
65%
大阪市城東区 野江のえ
65%
大阪市西成区 岸里きしのさと
65%
大阪市鶴見区 放出はなてん
65%
大阪市西区 阿波座あわざ
64%
大阪市北区 南森町みなみもりまち
64%
大阪市城東区 鴫野しぎの
63%
大阪市阿倍野区 阿倍野あべの
62%
大阪市淀川区 東三国ひがしみくに
62%
大阪市北区 大阪天満宮おおさかてんまんぐう
62%
大阪市中央区 長堀橋ながほりばし
62%
大阪市西区 ドーム前千代崎まえちよざき
61%
大阪市淀川区 塚本つかもと
61%
大阪市平野区 喜連瓜破きれうりわり
61%
大阪市西区 肥後橋ひごばし
60%
大阪市淀川区 南方みなみかた
60%
大阪市都島区 都島みやこじま
59%
大阪市港区 朝潮橋あさしおばし
59%
大阪市天王寺区 四天王寺前夕陽ヶ丘してんのうじまえゆうひがおか
59%
大阪市西淀川区 御幣島みてじま
59%
大阪市城東区 関目せきめ
59%
大阪市西成区 岸里玉出きしのさとたまで
59%
大阪市西区 四ツ橋よつばし
57%
大阪市住之江区 玉出たまで
57%
大阪市東淀川区 JR淡路あわじ
56%
大阪市浪速区 今宮戎いまみやえびす
56%
大阪市中央区 大阪おおさかビジネスパーク
56%
大阪市北区 渡辺橋わたなべばし
55%
大阪市都島区 野江内代のえうちんだい
54%
大阪市浪速区 汐見橋しおみばし
54%
大阪市生野区 北巽きたたつみ
54%
大阪市生野区 南巽みなみたつみ
54%
大阪市福島区 海老江えびえ
53%
大阪市浪速区 恵美須町えびすちょう
53%
大阪市阿倍野区 昭和町しょうわちょう
53%
大阪市北区 中崎町なかざきちょう
53%
大阪市淀川区 三国みくに
52%
大阪市住之江区 トレードセンターまえ
52%
大阪市住之江区 ポートタウンひがし
52%
大阪市北区 大江橋おおえばし
52%
大阪市北区 なにわばし
52%
大阪市福島区 淀川よどがわ
51%
大阪市東成区 緑橋みどりばし
51%
大阪市旭区 千林せんばやし
51%
大阪市旭区 太子橋今市たいしばしいまいち
51%
大阪市住之江区 北加賀屋きたかがや
51%
大阪市住之江区 ポートタウン西にし
51%
大阪市東淀川区 上新庄かみしんじょう
50%
大阪市東淀川区 柴島くにじま
50%
大阪市住吉区 住吉大社すみよしたいしゃ
50%
大阪市淀川区 加島かしま
50%
大阪市東淀川区 井高野いたかの
49%
大阪市旭区 関目高殿せきめたかどの
49%
大阪市東住吉区 東部市場前とうぶしじょうまえ
49%
大阪市平野区 加美かみ
49%
大阪市北区 扇町おうぎまち
49%
大阪市阿倍野区 美章園びしょうえん
48%
大阪市中央区 松屋町まつやまち
48%
大阪市住之江区 フェリーターミナル
47%
大阪市東淀川区 下新庄しもしんじょう
47%
大阪市城東区 蒲生四丁目がもうよんちょうめ
47%
大阪市西成区 萩ノ茶屋はぎのちゃや
47%
大阪市此花区 伝法でんぽう
46%
大阪市城東区 関目成育せきめせいいく
46%
大阪市阿倍野区 西田辺にしたなべ
46%
大阪市淀川区 神崎川かんざきがわ
46%
大阪市住之江区 なかとう
46%
大阪市西区 西長堀にしながほり
45%
大阪市城東区 JR野江のえ
44%
大阪市西区 西大橋にしおおはし
43%
大阪市城東区 今福鶴見いまふくつるみ
43%
大阪市住吉区 我孫子町あびこちょう
43%
大阪市住吉区 杉本町すぎもとちょう
43%
大阪市平野区 新加美しんかみ
43%
大阪市平野区 出戸でと
43%
大阪市東成区 深江橋ふかえばし
41%
大阪市旭区 城北公園通しろきたこうえんどおり
41%
大阪市旭区 千林大宮せんばやしおおみや
41%
大阪市住之江区 平林ひらばやし
41%
大阪市東住吉区 田辺たなべ
40%
大阪市西成区 木津川きづがわ
40%
大阪市平野区 長原ながはら
40%
大阪市阿倍野区 ふみさと
40%
大阪市浪速区 芦原町あしはらちょう
38%
大阪市東淀川区 瑞光四丁目ずいこうよんちょうめ
38%
大阪市東淀川区 崇禅寺そうぜんじ
38%
大阪市阿倍野区 河堀口こぼれぐち
38%
大阪市阿倍野区 鶴ケ丘つるがおか
38%
大阪市東住吉区 駒川中野こまがわなかの
38%
大阪市鶴見区 横堤よこづつみ
38%
大阪市西成区 花園町はなぞのちょう
37%
大阪市福島区 玉川たまがわ
36%
大阪市此花区 千鳥橋ちどりばし
36%
大阪市東淀川区 相川あいかわ
36%
大阪市東淀川区 だいどう豊里とよさと
36%
大阪市東住吉区 針中野はりなかの
36%
大阪市東住吉区 南田辺みなみたなべ
36%
大阪市西成区 西天下茶屋にしてんがちゃや
36%
大阪市住之江区 南港東なんこうひがし
36%
大阪市東成区 新深江しんふかえ
35%
大阪市旭区 清水しみず
35%
大阪市旭区 森小路もりしょうじ
35%
大阪市住之江区 南港口なんこうぐち
35%
大阪市西淀川区 姫島ひめじま
33%
大阪市西淀川区 出来島できじま
31%
大阪市旭区 新森古市しんもりふるいち
31%
大阪市東住吉区 矢田やた
31%
大阪市住之江区 住ノ江すみのえ
31%
大阪市生野区 小路しょうじ
30%
大阪市東住吉区 北田辺きたたなべ
30%
大阪市西淀川区 千船ちぶね
29%
大阪市住吉区 帝塚山てづかやま
28%
大阪市住吉区 粉浜こはま
27%
大阪市住吉区 我孫子前あびこまえ
23%
大阪市住吉区 住吉東すみよしひがし
23%
大阪市東住吉区 今川いまがわ
23%
大阪市西成区 津守つもり
23%
大阪市住吉区 沢ノ町さわのちょう
15%
No matching quizzes found
Score Distribution
Percent of People with Each Score
Percentile by Number Answered
Your Score History
You have not taken this quiz since the last reset